000 01672cam a2200397 a 4500
001 1510583
003 OSt
005 20251211162011.0
008 891113m19909999ilu b 001 0 eng
010 _a 89048564
020 _a0830817522
_qset
020 _a9780830838578
_qhbk. : v. 3
035 _a1510583
040 _aDLC
_cDLC
_dDLC
050 0 0 _aBR100
_b.B64 1990
100 1 _aBrown, Colin,
_d1932-
245 1 0 _aChristianity & western thought :
_ba history of philosophers, ideas & movements.
246 3 _aChristianity and western thought
260 _aDowners Grove, Ill. :
_bInterVarsity Press,
_cc1990-c2009.
300 _a3 v. ;
_c24 cm.
336 _atext
_btxt
_2rdacontent
337 _aunmediated
_bn
_2rdamedia
338 _avolume
_bnc
_2rdacarrier
504 _aIncludes bibliographical references and indexes.
505 1 _av. 1. From the ancient world to the Age of Enlightenment / Colin Brown -- v. 2. Faith & reason in the 19th century / Steve Wilkens & Alan G. Padgett -- v. 3. Journey to postmodernity in the 20th century / Alan G. Padgett & Steve Wilkens..
650 0 _aChristianity
_xPhilosophy.
650 0 _aFaith and reason
_xHistory of doctrines.
650 0 _aPhilosophy
_xHistory.
700 1 _aWilkens, Steve,
_d1955-
700 1 _aPadgett, Alan G.,
_d1955-
906 _a7
_bcbc
_corignew
_d1
_eocip
_f19
_gy-gencatlg
942 _2lcc
_cBK
999 _c21050
_d21049